000 00302nam a2200133Ia 4500
008 260604s9999 xx 000 0 und d
020 _a9781444924848
082 _a823.91 BLY
100 _aCHRIS SMITH
_935337
245 0 _aFAMOUS FIVE COLLECTION
260 _bHodder
500 _aFamous
942 _cBK
999 _c8122
_d8122